Tardes deportivas

Guardado en:
Detalles Bibliográficos
Autor principal: Valdovinos, Mario (Autor)
Formato: Libro
Lenguaje:español
Publicado: Santiago Ril Editores 2007
Edición:1a. ed
Materias:
Etiquetas: Agregar Etiqueta
Sin Etiquetas, Sea el primero en etiquetar este registro!

MARC

LEADER 00000cam a2200000 a 4500
001 UCF8654
003 CL-VaPUC
008 130930e20071200cl |||||||||||||||||spa|d
020 |a 9789562845830 
082 0 4 |a Ch863  |b VAL  |2 21 
100 0 |a Valdovinos, Mario  |e author  |9 570789 
245 1 0 |a Tardes deportivas 
250 |a 1a. ed 
300 |a 86 p 
942 |c BK 
945 |d 20130930 13:19:00  |a dcastane 
260 |a Santiago  |b Ril Editores  |c 2007 
650 0 |a Cuentos chilenos   |9 308280 
650 0 |a Literatura chilena   |9 308278 
650 0 |a Fútbol  |9 307513 
583 |a last modification  |c 20130930 13:19:00  |k Rodrigo Vera 
999 |c 353221  |d 353219 
952 |0 0  |1 0  |3 erb  |4 0  |6 CH_863_000000000000000_VAL_2007  |7 0  |8 A  |9 458303  |a BIBCUR  |b BIBCUR  |d 2019-11-23  |i 501168K  |o Ch863 VAL 2007  |p 501168K  |r 2025-04-22  |w 2019-11-23  |y BK  |z Catalogado en:20130930  |k PER